Responses for Show #8124 - Thursday, December 26, 2019

Karen Farrell game 1.

Contestants

[<< previous game]

Karen Farrell, a political consultant from Woodbridge, Virginia

Usha Shankar, an educator from Pleasantville, New York

Alex Hookway, an actuary from Columbus, Ohio (whose 1-day cash winnings total $28,801)

[next game >>]

Jeopardy! Round responses

THESE WOMEN MAKE THE CLOTHES
SUBTRACT A LETTER
(Alex Trebek: Each correct response will be two words.)
COOKING VERBS
"B" MY BABY
GONNA TAKE MY HORSE
TO THE OLD TOWN ROAD
    $200 22
Donna Karan

Karen
    $200 8
salon from salmon

Karen
    $200 7
baste

Usha
    $200 2
Boris Yeltsin

Karen
    $200 1
(Alex Hookway: What is brick?)
(Karen: What is wood?)

cobblestone

AlexUshaKaren
    $400 21
Garçons

Karen
    $400 9
rugby & ruby

Usha
    $400 6
sauté

Usha
    $400 17
Benjamin Disraeli

Karen
    $400 25
(Alex Trebek: Less than a minute now.)

Parks and Recreation

Alex
    $600 13
Tory Burch

Karen
    $600 10
patella & paella

Usha
    $600 3
pre-heating

Karen
    $600 18
Barbara Bush

Triple Stumper
    $600 16
Dances with Wolves

Alex
    $600 28
[The end-of-round signal sounds.]

Yonge Street

Triple Stumper
    $800 14
Vera Wang

Karen
    $800 11
varnish & vanish

Triple Stumper
    $800 4
clarify

Karen
    $800 19
Bertha

Usha
    $800 23
Blazing Saddles

Alex
    $1,600 27
Philadelphia

Alex
    $1000 15
Diane von Furstenberg

Karen
    $1000 12
peony & pony

Karen
    $1000 5
(Usha: What is scald?)
(Alex Hookway: What is boil?)

parboil

AlexUsha
Triple Stumper
    $1000 20
Bertrand

Usha
    $1000 24
The NeverEnding Story

Karen
    $1000 26
Notting Hill

Alex

Scores at the first commercial break (after clue 15):

Alex Usha Karen
-$1,200 $800 $5,000

Scores at the end of the Jeopardy! Round:

Alex Usha Karen
$3,200 $2,600 $7,000

Double Jeopardy! Round responses

THAT'S ECUADORABLE
ART IN THE VATICAN
WORDS SHAKESPEARE ONLY USED ONCE
ORTHODONTIA
THE SINGER OR BAND IN QUESTION
THE "BAR" EXAM
    $400 8
the Andes

Alex
    $400 7
Adam

Usha
    $400 23
Iago

Alex
    $400 1
(Alex Hookway: What is the crossbar?)
(Karen: What is a grab bar?)

the roll bar

AlexKaren
Triple Stumper
    $3,000 9
the Galapagos

Alex
    $800 6
Jupiter

Usha
    $800 22
Twelfth Night

Karen
    $800 2
(Usha: What is a capella?)

a barbershop quartet

UshaKaren
    $1200 10
the Apostles

Usha
    $1200 3
Peter

Alex
    $1200 19
The Tempest

Karen
    $1200 15
(Usha: What is overbite?)

underbite

AlexUsha
    $1200 26
(Alex Hookway: Who is Al Green?)
...
[The end-of-round signal sounds.]

Marvin Gaye

AlexKaren
    $3,000 16
(Alex Hookway: What is a capybara?)
(Alex Trebek: No, well, you got the "bar" in there, but it's a [*].)
(Alex Hookway: Not an ape.)

A Barbary ape

Alex
    $1600 11
mestizo

Alex
    $1600 4
the Etruscans

Karen
    $1600 20
(Karen: Who is Julius Caesar?)

Octavius

AlexKaren
    $1600 13
Invisalign

Usha
    $1600 24
(Alex Hookway: Who are The Kinks?)

The Clash

AlexKaren
    $1600 17
(Alex Hookway: What is an atmosphere?)
(Usha: What's a bar?)

a millibar

AlexUsha
Triple Stumper
    $2000 12
Guayaquil

Alex
    $2000 5
Euripides

Triple Stumper
    $2000 21
(Alex Trebek: Less than a minute now.)

Helena

Karen
    $2000 14
(Usha: What is difficulty falling asleep?)

a lisp

Usha
Triple Stumper
    $2000 25
Toby Keith

Triple Stumper
    $2000 18
Barbarossa

Karen

Scores at the end of the Double Jeopardy! Round:

Alex Usha Karen
$6,800 $1,000 $16,200
(lock game)

[wagering suggestions for these scores]

Final Jeopardy! Round responses

19th CENTURY HISTORY
(Alex Trebek: The emperor was Maximilian.)
UshaWhat is French Guyana?
$1,000
AlexWhat is French Guiana?
$1,948
KarenWhat is Mexico?
$1,000
Mexico

Final scores:

Alex Usha Karen
$4,852 $0 $17,200
2nd place: $2,000 3rd place: $1,000 New champion: $17,200

Game dynamics:

Coryat scores:

Alex Usha Karen
$6,800 $1,000 $16,200
13 R
(including 2 DDs),
7 W
(including 1 DD)
11 R,
5 W
20 R,
3 W

Combined Coryat: $24,000

[game clues] [game scores] [suggest correction]

Game tape date: 2019-10-16
The J! Archive is created by fans, for fans. Scraping, republication, monetization, and malicious use prohibited; this site may use cookies and collect identifying information. See terms. The Jeopardy! game show and all elements thereof, including but not limited to copyright and trademark thereto, are the property of Jeopardy Productions, Inc. and are protected under law. This website is not affiliated with, sponsored by, or operated by Jeopardy Productions, Inc. Join the discussion at JBoard.tv.